Siasat memetjah-belah P.N.I. sebagai proloog pengchianatan G-30-S/PKI / (Record no. 89368)
[ view plain ]
| 000 -LEADER | |
|---|---|
| fixed length control field | 00779cam a22002171a 4500 |
| 001 - CONTROL NUMBER | |
| control field | sa 68020340 |
| 003 - CONTROL NUMBER IDENTIFIER | |
| control field | DLC |
| 005 - DATE AND TIME OF LATEST TRANSACTION | |
| control field | 20260227112723.0 |
| 008 - FIXED-LENGTH DATA ELEMENTS--GENERAL INFORMATION | |
| fixed length control field | 840807s1966 io 000 0 ind |
| 010 ## - LIBRARY OF CONGRESS CONTROL NUMBER | |
| LC control number | sa 68020340 |
| 035 ## - SYSTEM CONTROL NUMBER | |
| System control number | (OCoLC)23572424 |
| 040 ## - CATALOGING SOURCE | |
| Original cataloging agency | DLC |
| Transcribing agency | MiU |
| Modifying agency | OAU |
| -- | DLC |
| 042 ## - AUTHENTICATION CODE | |
| Authentication code | premarc |
| 050 00 - LIBRARY OF CONGRESS CALL NUMBER | |
| Classification number | JQ779.A56 |
| Item number | A58 |
| 245 00 - TITLE STATEMENT | |
| Title | Siasat memetjah-belah P.N.I. sebagai proloog pengchianatan G-30-S/PKI / |
| Statement of responsibility, etc. | [Dewan Pimpinan Pusat, Partai Nasional Indonesia]. |
| 260 ## - PUBLICATION, DISTRIBUTION, ETC. | |
| Place of publication, distribution, etc. | [Jakarta?] : |
| Name of publisher, distributor, etc. | Departemen Penerangan-Propinsi Dewan Pimpinan Pusat Partai Nasional Indonesia, |
| Date of publication, distribution, etc. | [1966]. |
| 300 ## - PHYSICAL DESCRIPTION | |
| Extent | 40 p. ; |
| Dimensions | 21 cm. |
| 610 20 - SUBJECT ADDED ENTRY--CORPORATE NAME | |
| Corporate name or jurisdiction name as entry element | Partai Nasional Indonesia (P.N.I.) |
| 650 #0 - SUBJECT ADDED ENTRY--TOPICAL TERM | |
| Topical term or geographic name entry element | Political parties |
| Geographic subdivision | Indonesia. |
| 651 #0 - SUBJECT ADDED ENTRY--GEOGRAPHIC NAME | |
| Geographic name | Indonesia |
| General subdivision | Politics and government |
| Chronological subdivision | 1950-1966. |
No items available.